01012nam a22002657a 4500003000500000005001700005008004100022010001100063011001100074035001100085040000900096100002000105245009500125260005900220300001500279490005600294500016800350500003300518650001100551650003700562700002500599700002400624710004200648830005600690CHAP20220329143905.0120612s1992 mdu r 00010 eng d a103336 a104308 a114998 cCHAP1 aStone, Virginia10aBiotechnology of algae :ba bibliographyc/por Virginia Stone, Robert D. y Townsend Young. aMaryland, EUA. :bNational Agricultural Library,c1992 avii, 60 p. 0aBibliographies and Literature of Agriculturev; 123 aA selected bibliography of research and product development using genetic engineering and molecular biology techniques and species of fresh water and marine algae. aIncluye índice de autores.14aAlgas.14aBiotecnologíaxBibliografía.1 aWarmbrodt, Robert D.1 aYoung, Ann Townsend0 aE.U.A. National Agricultural Library.0 aBibliographies and Literature of Agriculturev; 123